Псевдонимы - Армагеддон - Statistics

General Stats
  • This quiz has been taken 53 times
  • The average score is 6 of 23
Answers on the Grid
Answers color-coded by a green-red scale on the quiz's grid according to % correct below.
Борис Акунин
Андрей Разин
Марк Твен
Роман Карцев
Скарлетт Йоханссон
Эд Ширан
Уиллем Дефо
Мэрилин Мэнсон
Евгений Петров
Илья Ильф
Боб Дилан
Максим Горький
Джек Лондон
Женя Белоусов
Юра Борисов
Элайджа Вуд
Сид Вишес
Чак Берри
Фрэнк Герберт
Евгений Моргунов
Майкл Наки
Татьяна Лазарева
Том Холланд
Тина Кароль
Трумен Капоте
Ринго Старр
Андрей Платонов
Карл Маркс
Дмитрий Гордон
Аркадий Северный
Тина Тёрнер
Мэрилин Монро
Иосиф Сталин
Дзига Вертов
Игл-Ай Черри
Томми Ли Джонс
Хантер Томпсон
Андрей Миронов
Юкио Мисима
Максим Галкин
Вера Брежнева
Игорь Тальков
Агата Кристи
Винни Джонс
Александр Пушной
 
Answer Stats
Answer % Correct
Марк Твен
65%
Иосиф Сталин
59%
Борис Акунин
52%
Максим Горький
48%
Илья Ильф
46%
Вера Брежнева
43%
Мэрилин Монро
37%
Агата Кристи
30%
Мэрилин Мэнсон
28%
Джек Лондон
26%
Тина Кароль
22%
Аркадий Северный
22%
Евгений Петров
20%
Сид Вишес
20%
Роман Карцев
17%
Боб Дилан
13%
Ринго Старр
13%
Тина Тёрнер
11%
Андрей Миронов
11%
Трумен Капоте
9%
Андрей Платонов
9%
Дзига Вертов
7%
Юкио Мисима
2%
No matching quizzes found
Score Distribution
Percent of People with Each Score
Percentile by Number Answered
Your Score History
You have not taken this quiz